000
00322nam a2200133Ia 4500
008
190723s9999 xx 000 0 und d
020
_a
978-81-315-2556-2
100
_a
Joel D. Wisner
245
0
_a
Supply Chain Management
250
_a
3rd
260
_a
Andover
_b
Cengage Learning
_c
2012
300
_a
574.:p
942
_c
BK
999
_c
1710
_d
1710